[Event "1. Pfalz Open"]
[Site "Neustadt"]
[Date "2008.02.19"]
[Round "5.5"]
[White "Drozdovskij, Yuri"]
[Black "Kempinski, Robert"]
[Result "1/2-1/2"]
[WhiteElo "2574"]
[BlackElo "2590"]
[PlyCount "33"]
[EventDate "2008.02.15"]
[EventType "swiss"]
[EventRounds "9"]
[EventCountry "GER"]
[Source "lmi"]
[SourceDate "2008.02.15"]

1. d4 Nf6 2. c4 g6 3. Nf3 Bg7 4. g3 d5 5. cxd5 Nxd5 6. Bg2 Nb6 7. Nc3 Nc6 8. e3
O-O 9. O-O Re8 10. Re1 a5 11. b3 e5 12. Nxe5 Nxe5 13. dxe5 Bxe5 14. Bb2 c6 15.
Qe2 Qe7 16. Rad1 Be6 17. Ne4 1/2-1/2

[Event "1. Pfalz Open"]
[Site "Neustadt"]
[Date "2008.02.19"]
[Round "5.7"]
[White "Dittmar, Peter"]
[Black "Berelovich, Aleksandar"]
[Result "0-1"]
[WhiteElo "2329"]
[BlackElo "2606"]
[PlyCount "136"]
[EventDate "2008.02.15"]
[EventType "swiss"]
[EventRounds "9"]
[EventCountry "GER"]
[Source "lmi"]
[SourceDate "2008.02.15"]

1. c4 e5 2. g3 c6 3. d4 exd4 4. Qxd4 d5 5. Bg2 dxc4 6. Qxc4 Be6 7. Qc2 Nf6 8.
Nf3 Na6 9. a3 Qa5+ 10. Bd2 Qh5 11. Ng5 Bd7 12. Bf3 Qg6 13. Qxg6 hxg6 14. b4 Ng4
15. h4 Ne5 16. Bg2 f6 17. Ne4 Nc7 18. Bc3 a5 19. Bxe5 fxe5 20. bxa5 Rxa5 21.
O-O Nb5 22. a4 Nd4 23. Nbc3 Kd8 24. e3 Nb3 25. Rab1 Be6 26. Ng5 Bc4 27. Rfd1+
Kc7 28. Bf1 Bg8 29. Bh3 Nc5 30. Nce4 Ba2 31. Rb2 Bd5 32. Nxc5 Bxc5 33. e4 Bd4
34. exd5 Bxb2 35. d6+ Kb8 36. d7 Bd4 37. Nf7 Rf8 38. d8=Q+ Rxd8 39. Nxd8 Rd5
40. Nxc6+ bxc6 41. Rc1 Rd6 42. Bf1 Rf6 43. Rc2 c5 44. Bd3 Rf3 45. Bb5 Rxg3+ 46.
Kh2 Ra3 47. Kg2 Kc7 48. f3 Kd8 49. Re2 Kc7 50. Re4 Kd6 51. Rg4 Kd5 52. Rxg6 c4
53. Rxg7 c3 54. Rd7+ Kc5 55. h5 Kb4 56. Rc7 Ra2+ 57. Kh3 Rf2 58. Bc6 c2 59. Be4
Rxf3+ 60. Kg2 Rf2+ 61. Kg3 Bc3 62. Rb7+ Kc4 63. Bxc2 Rxc2 64. h6 e4 65. Kf4 Kd3
66. h7 Rf2+ 67. Kg3 Rf8 68. a5 e3 0-1

[Event "1. Pfalz Open"]
[Site "Neustadt"]
[Date "2008.02.19"]
[Round "5.8"]
[White "Zdebskaja, Natalia"]
[Black "Borovikov, Vladislav"]
[Result "1/2-1/2"]
[WhiteElo "2313"]
[BlackElo "2583"]
[PlyCount "71"]
[EventDate "2008.02.15"]
[EventType "swiss"]
[EventRounds "9"]
[EventCountry "GER"]
[Source "lmi"]
[SourceDate "2008.02.15"]

1. e4 c5 2. Nf3 d6 3. d4 cxd4 4. Nxd4 Nf6 5. Nc3 a6 6. Be2 e5 7. Nb3 Be7 8. O-O
O-O 9. Be3 Be6 10. Nd5 Nxd5 11. exd5 Bf5 12. Qd2 Nd7 13. Na5 Rb8 14. c4 Bg6 15.
b4 f5 16. f4 Nf6 17. Bf3 exf4 18. Bd4 Ne4 19. Bxe4 fxe4 20. Rxf4 Rxf4 21. Qxf4
Qd7 22. c5 Rf8 23. c6 Rxf4 24. cxd7 Rf8 25. Nxb7 Bf5 26. Re1 Bxd7 27. Rxe4 Bb5
28. g3 Rf1+ 29. Kg2 Rf7 30. Be3 Bf8 31. Na5 Rf5 32. Rd4 Be7 33. g4 Rf8 34. Nc6
Bf6 35. Rd2 Bc4 36. Na5 1/2-1/2

[Event "1. Pfalz Open"]
[Site "Neustadt"]
[Date "2008.02.19"]
[Round "5.9"]
[White "Dgebuadze, Alexandre"]
[Black "Haker, Johann-Christian"]
[Result "1/2-1/2"]
[WhiteElo "2512"]
[BlackElo "2342"]
[PlyCount "84"]
[EventDate "2008.02.15"]
[EventType "swiss"]
[EventRounds "9"]
[EventCountry "GER"]
[Source "lmi"]
[SourceDate "2008.02.15"]

1. e4 c5 2. Nf3 d6 3. d4 cxd4 4. Nxd4 Nf6 5. Nc3 a6 6. Bd3 e5 7. Nde2 Be7 8.
O-O O-O 9. f4 Nbd7 10. Kh1 Nc5 11. Ng3 b5 12. a3 Be6 13. f5 Bd7 14. Nh5 Bc6 15.
Nxf6+ Bxf6 16. Rf3 d5 17. Rh3 d4 18. Qh5 Re8 19. Qxh7+ Kf8 20. Nd1 Nxe4 21.
Bxe4 Bxe4 22. Bd2 a5 23. Nf2 Qd5 24. Rg3 Ke7 25. Nxe4 Qxe4 26. Rxg7 Qd5 27. Bg5
Rh8 28. Qg6 Ra6 29. Bxf6+ Rxf6 30. Qg5 Qe4 31. Rf1 Qe2 32. Qc1 Rfh6 33. Qg5+
Kd6 34. Kg1 Rxh2 35. Qf6+ Kd5 36. Qxf7+ Ke4 37. Qb7+ Ke3 38. Qf3+ Qxf3 39.
Rxf3+ Ke2 40. Rf2+ Ke1 41. Rf1+ Ke2 42. Rf2+ Ke1 1/2-1/2

[Event "1. Pfalz Open"]
[Site "Neustadt"]
[Date "2008.02.19"]
[Round "5.10"]
[White "Maeurer, Christoph Dr"]
[Black "Chernov, Vadim"]
[Result "1/2-1/2"]
[WhiteElo "2266"]
[BlackElo "2505"]
[PlyCount "78"]
[EventDate "2008.02.15"]
[EventType "swiss"]
[EventRounds "9"]
[EventCountry "GER"]
[Source "lmi"]
[SourceDate "2008.02.15"]

1. Nf3 Nf6 2. c4 Nc6 3. d4 e6 4. a3 d6 5. Nc3 g6 6. e4 Bg7 7. h3 O-O 8. Be3 e5
9. d5 Nd4 10. Nxd4 exd4 11. Bxd4 Nxe4 12. Bxg7 Re8 13. Be2 Kxg7 14. Nxe4 Rxe4
15. O-O Qf6 16. Qc2 Re7 17. Bd3 Bd7 18. Rae1 Rae8 19. Rxe7 Rxe7 20. Rd1 a5 21.
b4 axb4 22. axb4 Qe5 23. Bf1 Bf5 24. Bd3 Bxd3 25. Qxd3 Qb2 26. Rb1 Qe2 27. Qc3+
Qe5 28. Qb3 b6 29. Rc1 h5 30. Rd1 Re8 31. c5 bxc5 32. bxc5 dxc5 33. Qb5 Qe2 34.
Qxe2 Rxe2 35. Rc1 Kf6 36. Rxc5 Re1+ 37. Kh2 Re7 38. f4 h4 39. Kg1 Rd7 1/2-1/2

[Event "1. Pfalz Open"]
[Site "Neustadt"]
[Date "2008.02.19"]
[Round "5.11"]
[White "Starostits, Ilmars"]
[Black "Schulze, Ulrich"]
[Result "1-0"]
[WhiteElo "2500"]
[BlackElo "2316"]
[PlyCount "57"]
[EventDate "2008.02.15"]
[EventType "swiss"]
[EventRounds "9"]
[EventCountry "GER"]
[Source "lmi"]
[SourceDate "2008.02.15"]

1. e4 c5 2. Nc3 Nc6 3. g3 g6 4. Bg2 Bg7 5. d3 d6 6. f4 e6 7. Nf3 Nge7 8. O-O
O-O 9. Be3 b6 10. Bf2 Bb7 11. Qd2 Qd7 12. d4 Rfd8 13. Rad1 cxd4 14. Nxd4 d5 15.
Nb3 Qe8 16. e5 Ba6 17. Rfe1 Rab8 18. g4 Na5 19. Nxa5 bxa5 20. b3 Nc6 21. Bh4
Rdc8 22. f5 Rb4 23. h3 gxf5 24. Bf6 fxg4 25. Bxg7 Kxg7 26. Qg5+ Kh8 27. Nxd5
exd5 28. Qf6+ Kg8 29. e6 1-0

[Event "1. Pfalz Open"]
[Site "Neustadt"]
[Date "2008.02.19"]
[Round "5.12"]
[White "Feibert, Fred"]
[Black "Teske, Henrik"]
[Result "0-1"]
[WhiteElo "2256"]
[BlackElo "2493"]
[PlyCount "120"]
[EventDate "2008.02.15"]
[EventType "swiss"]
[EventRounds "9"]
[EventCountry "GER"]
[Source "lmi"]
[SourceDate "2008.02.15"]

1. d4 d6 2. g3 g6 3. Bg2 Bg7 4. Nf3 Nf6 5. O-O O-O 6. c4 Nbd7 7. Nc3 e5 8. e4
c6 9. dxe5 Nxe5 10. Nxe5 dxe5 11. Qxd8 Rxd8 12. Re1 Be6 13. Bf1 Bf8 14. Bg5 Kg7
15. Rac1 h6 16. Bxf6+ Kxf6 17. Rc2 Rd4 18. b3 Rad8 19. Kg2 Bb4 20. Ree2 Rd3 21.
Nb1 Bg4 22. Re3 Rxe3 23. fxe3 Rd1 24. Rb2 Bc5 25. Kf2 Bxe3+ 26. Kxe3 Rxf1 27.
Rf2+ Rxf2 28. Kxf2 Ke7 29. c5 Be6 30. Nc3 f5 31. Ke3 b6 32. cxb6 axb6 33. b4
Kd6 34. a3 Bb3 35. h4 Ke6 36. a4 h5 37. a5 bxa5 38. bxa5 Kd6 39. exf5 gxf5 40.
g4 hxg4 41. h5 Bf7 42. h6 Bg6 43. a6 f4+ 44. Ke2 Kc7 45. Na4 g3 46. Nc5 Kb6 47.
Nd7+ Kxa6 48. Nxe5 Be4 49. Nf3 c5 50. Nd2 Bh7 51. Kf3 Kb6 52. Kxf4 g2 53. Nf3
c4 54. Ke3 c3 55. Ng1 c2 56. Kd2 Kc7 57. Nh3 Kd8 58. Kc1 Ke8 59. Kd2 Kf8 60.
Kc1 Kg8 0-1

[Event "1. Pfalz Open"]
[Site "Neustadt"]
[Date "2008.02.19"]
[Round "5.13"]
[White "Meier, Volker"]
[Black "Kopylov, Mihail"]
[Result "1/2-1/2"]
[WhiteElo "2246"]
[BlackElo "2457"]
[PlyCount "50"]
[EventDate "2008.02.15"]
[EventType "swiss"]
[EventRounds "9"]
[EventCountry "GER"]
[Source "lmi"]
[SourceDate "2008.02.15"]

1. e4 c5 2. Nf3 e6 3. d4 cxd4 4. Nxd4 Qb6 5. Nb3 Qc7 6. Nc3 a6 7. Bd3 Nf6 8.
O-O d6 9. Be3 b5 10. a3 Bb7 11. f4 Nbd7 12. Kh1 Be7 13. Nd4 Nc5 14. Qf3 g6 15.
Rae1 h5 16. Bd2 h4 17. Qh3 Nh5 18. b4 Bf6 19. Ndxb5 axb5 20. Nxb5 Qc6 21. bxc5
Ng3+ 22. Kg1 Nxf1 23. Nxd6+ Kf8 24. Kxf1 Ba6 25. e5 Be7 1/2-1/2

[Event "1. Pfalz Open"]
[Site "Neustadt"]
[Date "2008.02.20"]
[Round "6.4"]
[White "Kempinski, Robert"]
[Black "Moldovan, Daniel"]
[Result "0-1"]
[WhiteElo "2590"]
[BlackElo "2446"]
[PlyCount "70"]
[EventDate "2008.02.15"]
[EventType "swiss"]
[EventRounds "9"]
[EventCountry "GER"]
[Source "lmi"]
[SourceDate "2008.02.15"]

1. Nf3 g6 2. g3 Bg7 3. Bg2 c5 4. d4 cxd4 5. Nxd4 Nc6 6. Nb3 d6 7. O-O h5 8. h3
h4 9. g4 f5 10. gxf5 Bxf5 11. e4 Be6 12. f4 Qd7 13. Qf3 g5 14. fxg5 Ne5 15. Qe3
Nc4 16. Qf2 O-O-O 17. Qxa7 Bxh3 18. Na5 Nxa5 19. Qa8+ Kc7 20. Qxa5+ Kb8 21.
Bxh3 Qxh3 22. Qxd8+ Ka7 23. Qa5+ Kb8 24. Rf2 Nh6 25. Qd2 Ng4 26. Nc3 Nxf2 27.
Qe3 Qh1+ 28. Kxf2 Rf8+ 29. Ke2 Qf1+ 30. Kd2 Bxc3+ 31. Kxc3 Rf3 32. Qxf3 Qxf3+
33. Kd4 Qd1+ 34. Kc3 h3 35. g6 Qg1 0-1

[Event "1. Pfalz Open"]
[Site "Neustadt"]
[Date "2008.02.20"]
[Round "6.5"]
[White "Markowski, Tomasz"]
[Black "Morawietz, Dieter"]
[Result "1-0"]
[WhiteElo "2585"]
[BlackElo "2424"]
[PlyCount "83"]
[EventDate "2008.02.15"]
[EventType "swiss"]
[EventRounds "9"]
[EventCountry "GER"]
[Source "lmi"]
[SourceDate "2008.02.15"]

1. Nf3 Nf6 2. c4 e6 3. b3 b6 4. g3 Bb7 5. Bg2 Be7 6. Bb2 O-O 7. O-O d5 8. e3 c5
9. Nc3 Nbd7 10. d3 a6 11. Qe2 Re8 12. Rfd1 Qb8 13. Rac1 b5 14. Nb1 dxc4 15.
dxc4 Rd8 16. Nbd2 Bc6 17. Ne1 Bxg2 18. Kxg2 b4 19. Nd3 a5 20. e4 a4 21. e5 Ne8
22. Ne4 Qc7 23. Rc2 axb3 24. axb3 Ra2 25. Rcd2 Nf8 26. Qe3 h6 27. h4 Ng6 28.
Kg1 Nf8 29. Qf3 Ng6 30. h5 Nf8 31. Qe3 Nh7 32. f4 Nf8 33. Kf1 Qc6 34. Qf3 Kh8
35. Ke2 Qa8 36. Nexc5 Rxb2 37. Nxb2 Rxd2+ 38. Rxd2 Qxf3+ 39. Kxf3 Bxc5 40. Rd8
Nc7 41. Rc8 Na6 42. Na4 1-0

[Event "1. Pfalz Open"]
[Site "Neustadt"]
[Date "2008.02.20"]
[Round "6.7"]
[White "Djuric, Stefan"]
[Black "Drozdovskij, Yuri"]
[Result "0-1"]
[WhiteElo "2448"]
[BlackElo "2574"]
[PlyCount "102"]
[EventDate "2008.02.15"]
[EventType "swiss"]
[EventRounds "9"]
[EventCountry "GER"]
[Source "lmi"]
[SourceDate "2008.02.15"]

1. d4 Nf6 2. c4 e6 3. Nf3 d5 4. Nc3 Bb4 5. e3 c5 6. Bd3 cxd4 7. exd4 dxc4 8.
Bxc4 O-O 9. O-O Nbd7 10. Bg5 Bxc3 11. bxc3 Qc7 12. Bd3 Qxc3 13. Rc1 Qa5 14. Qe2
b6 15. Rc7 Nd5 16. Qe4 g6 17. Rcc1 Ba6 18. Bxa6 Qxa6 19. h4 Rac8 20. Ne5 Nxe5
21. Qxe5 b5 22. Bh6 f6 23. Qe2 Rfe8 24. a4 Rb8 25. axb5 Qxb5 26. Qa2 Qd7 27.
Rc5 Rb7 28. Re1 Kf7 29. g3 Reb8 30. Qc2 Rb2 31. Qe4 R2b5 32. Rxb5 Rxb5 33. h5
a5 34. hxg6+ hxg6 35. Bd2 Ne7 36. Rc1 a4 37. Qf4 a3 38. d5 Qxd5 39. Bc3 e5 40.
Qa4 Qb3 41. Qa7 Rb7 42. Qa8 Rc7 43. Qa5 Rc8 44. g4 a2 45. Kh2 Qb1 46. Re1 Qc2
47. Bd2 Rc5 48. Qb4 Rc4 49. Qb5 Rxg4 50. Be3 Qf5 51. Qb3+ Kg7 0-1

[Event "1. Pfalz Open"]
[Site "Neustadt"]
[Date "2008.02.20"]
[Round "6.8"]
[White "Manolache, Marius"]
[Black "Brener, Ilja"]
[Result "1-0"]
[WhiteElo "2530"]
[BlackElo "2394"]
[PlyCount "67"]
[EventDate "2008.02.15"]
[EventType "swiss"]
[EventRounds "9"]
[EventCountry "GER"]
[Source "lmi"]
[SourceDate "2008.02.15"]

1. d4 d5 2. c4 e6 3. Nc3 Nf6 4. cxd5 exd5 5. Bg5 Be7 6. e3 O-O 7. Qc2 c6 8. Bd3
Nbd7 9. Nge2 Re8 10. h3 Nf8 11. O-O-O a5 12. g4 b5 13. Ng3 a4 14. Bf4 Qa5 15.
g5 N6d7 16. Nf5 b4 17. Ne2 Ba6 18. Bxa6 Rxa6 19. Kb1 Ng6 20. Nxe7+ Nxe7 21. Rc1
Qb5 22. Ng3 b3 23. Qe2 bxa2+ 24. Ka1 Qb7 25. Bd6 Nc8 26. Ba3 Rb6 27. Nf5 Rb3
28. h4 Ndb6 29. h5 Nc4 30. g6 fxg6 31. hxg6 hxg6 32. Rxc4 gxf5 33. Rh8+ Kf7 34.
Qh5+ 1-0

[Event "1. Pfalz Open"]
[Site "Neustadt"]
[Date "2008.02.20"]
[Round "6.9"]
[White "Lauber, Arnd"]
[Black "Starostits, Ilmars"]
[Result "1/2-1/2"]
[WhiteElo "2417"]
[BlackElo "2500"]
[PlyCount "93"]
[EventDate "2008.02.15"]
[EventType "swiss"]
[EventRounds "9"]
[EventCountry "GER"]
[Source "lmi"]
[SourceDate "2008.02.15"]

1. d4 Nf6 2. c4 e6 3. Nf3 b6 4. Nc3 Bb7 5. Bg5 Be7 6. Qc2 c5 7. dxc5 bxc5 8. e3
O-O 9. Be2 d6 10. O-O Nbd7 11. Rad1 h6 12. Bh4 Qb6 13. Nd2 d5 14. cxd5 exd5 15.
e4 dxe4 16. Ndxe4 Rfe8 17. Bf3 Rad8 18. Nxf6+ Bxf6 19. Bxf6 Nxf6 20. Na4 Qb5
21. Rxd8 Rxd8 22. Bxb7 Qxb7 23. Nxc5 Qb4 24. Nb3 Re8 25. h3 Qa4 26. Ra1 Nd5 27.
Qd2 Nf4 28. Re1 Rxe1+ 29. Qxe1 Qc6 30. f3 Qg6 31. Qd2 Nxh3+ 32. Kh2 Ng5 33. Na5
Kh7 34. b4 Qh5+ 35. Kg1 Qh4 36. Nc6 Qg3 37. Kf1 g6 38. Nxa7 Qc7 39. Qe3 Qc4+
40. Kg1 Qxb4 41. a3 Qa4 42. Nc8 Kg8 43. Nb6 Qd1+ 44. Kh2 Qd6+ 45. Kh1 Qd1+ 46.
Kh2 Qd6+ 47. Kh1 1/2-1/2

[Event "1. Pfalz Open"]
[Site "Neustadt"]
[Date "2008.02.20"]
[Round "6.10"]
[White "Teske, Henrik"]
[Black "Dausch, Rene"]
[Result "1-0"]
[WhiteElo "2493"]
[BlackElo "2351"]
[PlyCount "45"]
[EventDate "2008.02.15"]
[EventType "swiss"]
[EventRounds "9"]
[EventCountry "GER"]
[Source "lmi"]
[SourceDate "2008.02.15"]

1. e4 d5 2. exd5 Nf6 3. d4 Bg4 4. f3 Bf5 5. g4 Bg6 6. c4 e6 7. g5 Nh5 8. Nc3
Bd6 9. Nh3 exd5 10. Qe2+ Kd7 11. cxd5 Re8 12. Ne4 c6 13. dxc6+ Nxc6 14. Be3
Qa5+ 15. Kf2 Qf5 16. Qb5 Kc7 17. Qxb7+ Kxb7 18. Nxd6+ Kc7 19. Nxf5 Bxf5 20. Rc1
Kb7 21. Rc5 Bxh3 22. Bxh3 Rad8 23. Rd1 1-0

[Event "1. Pfalz Open"]
[Site "Neustadt"]
[Date "2008.02.20"]
[Round "6.13"]
[White "Piasetski, Leon"]
[Black "Khenkin, Igor"]
[Result "0-1"]
[WhiteElo "2308"]
[BlackElo "2602"]
[PlyCount "70"]
[EventDate "2008.02.15"]
[EventType "swiss"]
[EventRounds "9"]
[EventCountry "GER"]
[Source "lmi"]
[SourceDate "2008.02.15"]

1. c4 e5 2. Nc3 Nf6 3. Nf3 Nc6 4. Qc2 g6 5. e3 Bg7 6. a3 O-O 7. Bd3 d6 8. b3 e4
9. Bxe4 Nxe4 10. Qxe4 Bf5 11. Qd5 a5 12. Bb2 Nb4 13. axb4 c6 14. Qxa5 Rxa5 15.
bxa5 Bd3 16. Kd1 d5 17. cxd5 Bxc3 18. Bxc3 Qxd5 19. b4 Be4 20. Ke2 Rd8 21. Rac1
Bd3+ 22. Ke1 Ba6 23. Rg1 Qc4 24. Kd1 Qb3+ 25. Ke1 Qc4 26. Kd1 Qe2+ 27. Kc2 Qxf2
28. Rce1 Be2 29. Nd4 Bc4 30. Nf3 Be2 31. Nd4 Bc4 32. Nf3 Bd5 33. e4 Be6 34. Bd4
Rxd4 35. Rgf1 Rc4+ 0-1

[Event "1. Pfalz Open"]
[Site "Neustadt"]
[Date "2008.02.20"]
[Round "6.14"]
[White "Friedrich, Norbert"]
[Black "Borovikov, Vladislav"]
[Result "0-1"]
[WhiteElo "2306"]
[BlackElo "2583"]
[PlyCount "82"]
[EventDate "2008.02.15"]
[EventType "swiss"]
[EventRounds "9"]
[EventCountry "GER"]
[Source "lmi"]
[SourceDate "2008.02.15"]

1. e4 c5 2. Nf3 d6 3. d4 cxd4 4. Nxd4 Nf6 5. Nc3 a6 6. Be3 e5 7. Nb3 Be6 8. f4
exf4 9. Bxf4 Nc6 10. Qd2 d5 11. O-O-O Nxe4 12. Nxe4 dxe4 13. Qe3 Qf6 14. Qxe4
Be7 15. Bd3 Nb4 16. Nd4 Bd5 17. Qf5 Nxd3+ 18. Rxd3 O-O 19. Rg3 g6 20. Be5 Qxf5
21. Nxf5 Rfe8 22. Rd1 Bc6 23. Nxe7+ Rxe7 24. Bc3 Re2 25. Rd2 Rae8 26. b3 f5 27.
Rgd3 Rxg2 28. Rxg2 Bxg2 29. Rd7 Re3 30. Kd2 Rh3 31. Be5 Bc6 32. Rc7 Rh4 33. Kd3
f4 34. Bd6 g5 35. Be5 h6 36. Rg7+ Kf8 37. Rh7 Rxh2 38. Bg7+ Kf7 39. Rxh6 Rxh6
40. Bxh6 Kg6 41. Bf8 Kf5 0-1

[Event "1. Pfalz Open"]
[Site "Neustadt"]
[Date "2008.02.20"]
[Round "6.15"]
[White "Jadrijevic, Ante"]
[Black "Dgebuadze, Alexandre"]
[Result "0-1"]
[WhiteElo "2249"]
[BlackElo "2512"]
[PlyCount "78"]
[EventDate "2008.02.15"]
[EventType "swiss"]
[EventRounds "9"]
[EventCountry "GER"]
[Source "lmi"]
[SourceDate "2008.02.15"]

1. e4 c5 2. b3 Nc6 3. Bb2 d6 4. Bb5 e5 5. Bxc6+ bxc6 6. Ne2 Nf6 7. d3 g6 8. O-O
Bg7 9. Nd2 O-O 10. h3 Rb8 11. Nc4 Be6 12. Bc3 Re8 13. Qc1 Nh5 14. g4 Nf6 15. f4
Bxc4 16. bxc4 Nd7 17. Kh2 d5 18. cxd5 cxd5 19. f5 c4 20. Ng3 cxd3 21. cxd3 Nc5
22. Qa3 Bf8 23. fxg6 hxg6 24. Bb4 Nxd3 25. Qxd3 Rxb4 26. Qxd5 Rb2+ 27. Kh1 Qxd5
28. exd5 e4 29. Rfe1 e3 30. Re2 Rd2 31. Kg2 Rxd5 32. Nf1 Bc5 33. Rae1 Rd3 34.
Kf3 Ra3 35. Rb1 Re6 36. Rb3 Rxb3 37. axb3 Rb6 38. Rb2 Bd4 39. Rb1 Rf6+ 0-1

[Event "1. Pfalz Open"]
[Site "Neustadt"]
[Date "2008.02.21"]
[Round "7.2"]
[White "Graf, Alexander"]
[Black "Greenfeld, Alon"]
[Result "1/2-1/2"]
[WhiteElo "2586"]
[BlackElo "2559"]
[PlyCount "51"]
[EventDate "2008.02.15"]
[EventType "swiss"]
[EventRounds "9"]
[EventCountry "GER"]
[Source "lmi"]
[SourceDate "2008.02.15"]

1. d4 d5 2. c4 c6 3. Nc3 Nf6 4. cxd5 cxd5 5. Bf4 Nc6 6. e3 Bf5 7. Bb5 e6 8. Nf3
Nd7 9. O-O Be7 10. Qb3 g5 11. Be5 Rg8 12. Rfe1 g4 13. Nd2 Ndxe5 14. dxe5 Kf8
15. Bxc6 bxc6 16. Qa4 Rb8 17. Nb3 Qc7 18. Nd4 Rb4 19. Qxc6 Qxc6 20. Nxc6 Rxb2
21. Nxa7 Bb4 22. Rec1 Kg7 23. a3 Bxc3 24. Rxc3 Rgb8 25. a4 R8b4 26. Nc6 1/2-1/2

[Event "1. Pfalz Open"]
[Site "Neustadt"]
[Date "2008.02.21"]
[Round "7.4"]
[White "Drozdovskij, Yuri"]
[Black "Manolache, Marius"]
[Result "1/2-1/2"]
[WhiteElo "2574"]
[BlackElo "2530"]
[PlyCount "47"]
[EventDate "2008.02.15"]
[EventType "swiss"]
[EventRounds "9"]
[EventCountry "GER"]
[Source "lmi"]
[SourceDate "2008.02.15"]

1. d4 Nf6 2. c4 g6 3. Nf3 Bg7 4. g3 O-O 5. Bg2 c6 6. Nc3 d5 7. cxd5 cxd5 8. O-O
Ne4 9. e3 Nxc3 10. bxc3 Nc6 11. Nd2 Na5 12. Ba3 Rb8 13. Qe2 Re8 14. Rfc1 b6 15.
Qb5 Bb7 16. c4 Bc6 17. Qb4 e6 18. cxd5 Bxd5 19. Ne4 Bf8 20. Qc3 Nc4 21. Bxf8
Rxf8 22. Qd3 Rc8 23. Rc3 Qe7 24. Rac1 1/2-1/2

[Event "1. Pfalz Open"]
[Site "Neustadt"]
[Date "2008.02.21"]
[Round "7.5"]
[White "Korneev, Oleg"]
[Black "Teske, Henrik"]
[Result "1-0"]
[WhiteElo "2645"]
[BlackElo "2493"]
[PlyCount "89"]
[EventDate "2008.02.15"]
[EventType "swiss"]
[EventRounds "9"]
[EventCountry "GER"]
[Source "lmi"]
[SourceDate "2008.02.15"]

1. e4 e5 2. Nf3 Nf6 3. Nxe5 d6 4. Nf3 Nxe4 5. Bd3 Nf6 6. h3 Nc6 7. O-O Be7 8.
c3 Be6 9. Bc2 Ne5 10. Nd4 Bc4 11. d3 Ba6 12. Nf5 O-O 13. Re1 Re8 14. d4 Ng6 15.
Bg5 h6 16. Be3 Bf8 17. Nd2 Ne7 18. Ng3 Ned5 19. Qf3 g6 20. Bb3 c6 21. Nde4 Bg7
22. Bf4 Nxf4 23. Qxf4 d5 24. Nc5 Qb6 25. Nf1 Bxf1 26. Kxf1 Qb5+ 27. Kg1 b6 28.
a4 Qa5 29. Rxe8+ Rxe8 30. Qc7 Re2 31. Nd3 Rxb2 32. Ne5 Qxc3 33. Qxf7+ Kh7 34.
Qxg6+ Kg8 35. Qf7+ Kh7 36. Qg6+ Kg8 37. Rd1 Qxb3 38. Rd3 Qc2 39. Qf7+ Kh7 40.
Kh2 Qxf2 41. Qg6+ Kg8 42. Rg3 Nh5 43. Qxh5 c5 44. Qe8+ Qf8 45. Rxg7+ 1-0

[Event "1. Pfalz Open"]
[Site "Neustadt"]
[Date "2008.02.21"]
[Round "7.8"]
[White "Borovikov, Vladislav"]
[Black "Agopov, Mikael"]
[Result "1-0"]
[WhiteElo "2583"]
[BlackElo "2444"]
[PlyCount "59"]
[EventDate "2008.02.15"]
[EventType "swiss"]
[EventRounds "9"]
[EventCountry "GER"]
[Source "lmi"]
[SourceDate "2008.02.15"]

1. d4 Nf6 2. Nf3 e6 3. c4 b6 4. Nc3 Bb7 5. a3 d5 6. cxd5 Nxd5 7. Qc2 Nxc3 8.
Qxc3 Bd6 9. Bg5 Qc8 10. e3 O-O 11. Be2 c5 12. O-O f6 13. Bh4 Bd5 14. Rac1 Qb7
15. dxc5 bxc5 16. Rfd1 Rd8 17. Bc4 Na6 18. Bg3 Bxg3 19. hxg3 Nc7 20. Bxd5 Rxd5
21. e4 Rxd1+ 22. Rxd1 Qxe4 23. Qxc5 Ne8 24. Qe7 e5 25. Qe6+ Kh8 26. Nh4 h6 27.
Rd7 Qe2 28. Ng6+ Kh7 29. Nf8+ Kh8 30. Qf5 1-0

[Event "1. Pfalz Open"]
[Site "Neustadt"]
[Date "2008.02.21"]
[Round "7.9"]
[White "Busch, Lorenz"]
[Black "Epishin, Vladimir"]
[Result "0-1"]
[WhiteElo "2098"]
[BlackElo "2577"]
[PlyCount "46"]
[EventDate "2008.02.15"]
[EventType "swiss"]
[EventRounds "9"]
[EventCountry "GER"]
[Source "lmi"]
[SourceDate "2008.02.15"]

1. e4 c5 2. Nf3 d6 3. d4 Nf6 4. Nc3 cxd4 5. Nxd4 Nc6 6. Be2 g6 7. O-O Bg7 8.
Be3 O-O 9. Kh1 Nxd4 10. Bxd4 b6 11. Bf3 Bb7 12. Nd5 Ne8 13. Re1 Rc8 14. c3 e6
15. Nb4 Qc7 16. Qd3 Bxd4 17. Qxd4 e5 18. Qd2 f5 19. Nd5 Qg7 20. Rad1 Kh8 21.
Kg1 Nf6 22. Qe2 Bxd5 23. Rxd5 Nxd5 0-1

[Event "1. Pfalz Open"]
[Site "Neustadt"]
[Date "2008.02.21"]
[Round "7.10"]
[White "Dgebuadze, Alexandre"]
[Black "Lauber, Arnd"]
[Result "1/2-1/2"]
[WhiteElo "2512"]
[BlackElo "2417"]
[PlyCount "85"]
[EventDate "2008.02.15"]
[EventType "swiss"]
[EventRounds "9"]
[EventCountry "GER"]
[Source "lmi"]
[SourceDate "2008.02.15"]

1. e4 c6 2. d4 d5 3. Nc3 dxe4 4. Nxe4 Bf5 5. Ng3 Bg6 6. h4 h6 7. Nh3 e6 8. Nf4
Bh7 9. Bc4 Nf6 10. Qe2 Nd5 11. c3 Nxf4 12. Bxf4 Bd6 13. Qg4 Bxf4 14. Qxf4 Nd7
15. Ne4 Bxe4 16. Qxe4 h5 17. O-O-O Qc7 18. Rhe1 O-O-O 19. g3 Nf6 20. Qe3 Ng4
21. Qe2 Kb8 22. Bb3 Nf6 23. Qe5 Qxe5 24. Rxe5 Ng4 25. Re2 Kc7 26. Bc2 g6 27.
Be4 Rhe8 28. Bf3 Nf6 29. Kc2 Nd5 30. a3 b5 31. Re5 Nb6 32. b3 Nd7 33. Re3 a5
34. c4 bxc4 35. bxc4 Rb8 36. Rde1 Nb6 37. Rc3 c5 38. dxc5 Na4 39. Rb3 Rxb3 40.
Kxb3 Nxc5+ 41. Kc2 Rb8 42. Bd1 Kd6 43. Re3 1/2-1/2

[Event "1. Pfalz Open"]
[Site "Neustadt"]
[Date "2008.02.21"]
[Round "7.11"]
[White "Wegerle, Joerg"]
[Black "Chernov, Vadim"]
[Result "1/2-1/2"]
[WhiteElo "2415"]
[BlackElo "2505"]
[PlyCount "38"]
[EventDate "2008.02.15"]
[EventType "swiss"]
[EventRounds "9"]
[EventCountry "GER"]
[Source "lmi"]
[SourceDate "2008.02.15"]

1. e4 g6 2. d4 Bg7 3. Nc3 c6 4. Nf3 d6 5. Be3 Nf6 6. Qd2 Bg4 7. Be2 O-O 8. h3
Bxf3 9. Bxf3 Nbd7 10. g4 c5 11. O-O-O cxd4 12. Bxd4 Rc8 13. g5 Ne8 14. Bxg7
Nxg7 15. Bg4 Rc5 16. f4 Nb6 17. b3 Qc7 18. Kb2 Ne6 19. Rhf1 Rc8 1/2-1/2

[Event "1. Pfalz Open"]
[Site "Neustadt"]
[Date "2008.02.21"]
[Round "7.12"]
[White "Starostits, Ilmars"]
[Black "Nekrasov, Mihail"]
[Result "1-0"]
[WhiteElo "2500"]
[BlackElo "2375"]
[PlyCount "39"]
[EventDate "2008.02.15"]
[EventType "swiss"]
[EventRounds "9"]
[EventCountry "GER"]
[Source "lmi"]
[SourceDate "2008.02.15"]

1. e4 e5 2. Nf3 Nf6 3. Nxe5 d6 4. Nf3 Nxe4 5. d4 d5 6. Bd3 Nc6 7. O-O Be7 8.
Re1 Bf5 9. Nbd2 Nd6 10. Nf1 O-O 11. Ng3 Bg6 12. c3 a6 13. Bf4 Qd7 14. Ne5 Nxe5
15. dxe5 Nf5 16. Qg4 h5 17. Qh3 Qa4 18. Nxf5 Bxf5 19. Qxf5 g6 20. Bc2 1-0